Beyonce - Cuff It (All Lyrics) - Statistics

General Stats
  • This quiz has been taken 45 times
  • The average score is 326 of 452
Answer Stats
Answer % Correct
I
100%
to
93%
fuck
90%
Fuck
90%
the
90%
up
90%
up,
90%
you?
90%
you
90%
You
90%
you,
90%
a
87%
A
87%
go
87%
Go
87%
I'm
87%
in
87%
it
87%
it,
87%
like
87%
mood
87%
So
87%
so
87%
some
87%
We
87%
we
87%
can
83%
Can
83%
cuff
83%
cup,
83%
cup
83%
fallin'
83%
feel
83%
love
83%
me
83%
my
83%
need
83%
somethin'
83%
when
83%
gon'
80%
night,
80%
night
80%
on
80%
On
80%
see
80%
stars
80%
drink
77%
higher,
77%
higher
77%
tonight
77%
wanna
77%
no
73%
of
73%
this?
73%
this
73%
top
73%
where
73%
'Cause
70%
ever
70%
far
70%
had
70%
Have
70%
been
67%
Bet
67%
fun
67%
get
67%
prescription
67%
sit
67%
you'll
67%
Don't
63%
don't
63%
fly,
63%
fly
63%
fucked
63%
gettin'
63%
nobody's
63%
baby
60%
elevate
60%
God
60%
lights
60%
miss
60%
and
57%
Spaceships
57%
Unapologetic
57%
yeah
57%
Yeah
57%
yeah,
57%
black
53%
meet
53%
missin',
50%
missin'
50%
oh
50%
Oh,
50%
sex
50%
body,
47%
buss
47%
for
47%
For
47%
what?
47%
while
47%
While
47%
clean
43%
hella
43%
I'll
43%
Nasty,
43%
po'
43%
roll
43%
Show
43%
show
43%
these
43%
thotty
43%
Anywhere,
40%
call,
40%
can't
40%
four
40%
got
40%
Got
40%
levitate
40%
mind,
40%
mind
40%
out
40%
sexy,
40%
walls?
40%
What's
40%
actin'
37%
anytime
37%
boy,
37%
come
37%
Come
37%
hey
37%
is
37%
let
37%
play
37%
time
37%
today
37%
erotic
33%
professional
33%
seasoned
33%
Squeeze
33%
truck
33%
wait
33%
exotic
30%
Mr.
30%
Ooh,
30%
Ooh
30%
or
30%
self-control
30%
will
30%
backin'
27%
excited,
27%
here
27%
Hit
27%
ride
27%
bitch
23%
'draulics
23%
Hypersonic,
23%
Tease
23%
them
23%
blindin'
20%
puttin'
20%
Party
17%
people,
17%
woah
17%
huh
7%
flight,
3%
Take
3%
No matching quizzes found
Score Distribution
Percent of People with Each Score
Percentile by Number Answered
Your Score History
You have not taken this quiz